000
00326nam a2200145Ia 4500
008
230312s9999||||xx |||||||||||||| ||und||
020
_a
3-8656-0063-8
082
_a
720.19
_b
DER-G
100
_a
Der; Verlag
245
0
_a
Georg Kargl
260
_b
Austria
_a
New York
300
_a
326
650
_a
Architecture
942
_c
BK
999
_c
11592
_d
11592